Normal view
MARC view
Entry Personal Name
001 - CONTROL NUMBER
- control field: 51616
003 - CONTROL NUMBER IDENTIFIER
- control field: ARRUPE
005 - DATE AND TIME OF LATEST TRANSACTION
- control field: 20220517100438.0
008 - FIXED-LENGTH DATA ELEMENTS
- fixed length control field: 220517|| aca||aabn | a|a d
040 ## - CATALOGING SOURCE
- Original cataloging agency: ARRUPE
- Transcribing agency: ARRUPE
100 ## - HEADING--PERSONAL NAME
- Personal name: Mbuyinga, Elenga
670 ## - SOURCE DATA FOUND
- Source citation: Work cat.: (ARRUPE)131437: Mbuyinga, Elenga., Pan Africanism or neo-colonialism? :, 1982.